000 01056nam a2200289 i 4500
001 13048
003 KOSZ 005
005 20200624113906.0
008 070917s1970 pl a f 000 0 pol
015 _aPB 1970/9746
040 _aWA N
_cWA N
_dKOSZ 005/ID
041 1 _apol
_hger
080 _a631.8:631.3:636.2
100 1 _aThum, E.
_eAutor
245 1 0 _aZmechanizowane usuwanie obornika z obór /
_cE. Thum, R. Lehmann, R. Lomatsch.
246 1 _iTyt. oryg :
_aMechanisiertes Entmisten von Rinderställen.
260 _aWarszawa :
_bPaństwowe Wydawnictwo Rolnicze i Leśne,
_c1970.
300 _a210, [2] s. :
_bil. ;
_c23 cm.
380 _aKsiążki.
650 4 _aGnojownia.
650 4 _aObornik
_xtransport
_xmechanizacja.
700 1 _aLehmann, Reinhard.
_eAutor
700 1 _aLommatzsch, R.
_eAutor
710 2 _aPaństwowe Wydawnictwo Rolnicze i Leśne
_4pbl.
856 _uhttp://koha.tu.koszalin.pl/cgi-bin/koha/opac-detail.pl?biblionumber=13048
_yKatalog online BPK
942 _2UKD
_cKS
999 _c13048
_d13048